Beyond transition annual World Bank conference on development economics - regional 2007
Enregistré dans:
| Autres auteurs: | , |
|---|---|
| Format: | Livre |
| Langue: | anglais |
| Publié: |
Washington, D.C.
<The> World Bank
2007
|
| Sujets: | |
| Tags: |
Pas de tags, Soyez le premier à ajouter un tag!
|
MARC
| LEADER | 00000nam$a2200000$$$4500 | ||
|---|---|---|---|
| 001 | 0059614 | ||
| 005 | 20230120111832.7 | ||
| 041 | 0 | |a eng | |
| 044 | |a US | ||
| 245 | 1 | 0 | |a Beyond transition |b annual World Bank conference on development economics - regional 2007 |c edited by: Francois Bourguignon and Boris Pleskovic |
| 264 | 1 | |a Washington, D.C. |b <The> World Bank |c 2007 | |
| 300 | |a 373 s. | ||
| 610 | 2 | 0 | |a politika hospodárska |
| 610 | 2 | 0 | |a rozvoj hospodársky |
| 610 | 2 | 0 | |a obdobie prechodné |
| 610 | 2 | 0 | |a rast hospodársky |
| 610 | 2 | 0 | |a riadenie hospodárske |
| 610 | 2 | 0 | |a súdnictvo |
| 610 | 2 | 0 | |a hospodárstvo trhové |
| 610 | 2 | 0 | |a redukcia chudoby |
| 610 | 2 | 0 | |a obchod |
| 610 | 2 | 0 | |a liberalizácia |
| 610 | 2 | 0 | |a privatizácia |
| 610 | 2 | 0 | |a krajiny rozvojové |
| 610 | 2 | 0 | |a výskum ekonomický |
| 610 | 2 | 0 | |a ukazovatele ekonomické |
| 610 | 2 | 0 | |a porovnanie medzinárodné |
| 610 | 2 | 0 | |a konferencie |
| 700 | 1 | |a Bourguignon, François | |
| 700 | 1 | |a Pleskovic, Boris | |